Training need analysis and evaluation

Bibliographic Details
Main Author: Bee, Frances
Format: Book
Published: London : Institute of Personnel Management , 1994
Subjects:

MARC

LEADER 00000cam a2200000 7i4500
001 0000003065
005 20021126.0
020 |a 0851925476 
040 |a INS 
090 0 0 |a HF5549.5.T7   |b B4141 1994 
100 1 |a Bee, Frances 
245 1 0 |a Training need analysis and evaluation   |c by Frances Bee 
260 |a London :   |b Institute of Personnel Management ,   |c 1994 
300 |a 301p 
650 0 0 |a Employees, training of 
650 0 0 |a Training needs 
650 0 0 |a Training, Evaluation of 
999 |a 0000006080   |b BOOK   |c Open Shelf   |e Default branch